[Event "Open Ouest 2013/2014"]
[Site "Vitrolles"]
[Date "2013.10.05"]
[Round "1"]
[White "Mars, Fiona"]
[Black "Mars, Theo"]
[Result "1/2-1/2"]
[WhiteElo "1482"]
[BlackElo "1120"]
[PlyCount "88"]

1. e4 e5 2. Nf3 Nf6 3. Nc3 Nc6 4. Bc4 Bc5 5. O-O O-O 6. d3 d6 7. Bg5 Be6 8. Nd5
Bxd5 9. Bxd5 h6 10. Bh4 g5 11. Bg3 Nxd5 12. exd5 Nd4 13. Nxd4 Bxd4 14. c3 Bb6
15. b4 f5 16. h3 f4 17. Bh2 Qf6 18. a4 a5 19. b5 Rae8 20. Kh1 e4 21. d4 e3 22.
fxe3 Rxe3 23. Rf3 Rfe8 24. g3 Rxf3 25. Qxf3 Re3 26. Qf2 Rxc3 27. gxf4 Rxh3 28.
Qg2 Bxd4 29. Qxh3 Bxa1 30. Qc8+ Kf7 31. Qxc7+ Qe7 32. Qxe7+ Kxe7 33. fxg5 hxg5
34. Bg3 Be5 35. Be1 b6 36. Kg2 Kd7 37. Kf3 Bb2 38. Bd2 Bf6 39. Kg4 Bd4 40. Bxg5
Bc5 41. Kf5 Bb4 42. Be3 Bc5 43. Bf4 Bb4 44. Kf6 Bc5 1/2-1/2

[Event "Open Ouest 2013/2014"]
[Site "Vitrolles"]
[Date "2013.10.05"]
[Round "1"]
[White "Mars, Florence"]
[Black "Misene, Milan"]
[Result "0-1"]
[WhiteElo "1190"]
[BlackElo "1400"]
[PlyCount "52"]

1. e4 c5 2. Nf3 d6 3. d4 cxd4 4. Nxd4 Nf6 5. Nc3 g6 6. Bg5 Bg7 7. Bb5+ Bd7 8.
Bxd7+ Nbxd7 9. f3 a6 10. Qd2 O-O 11. O-O-O Rc8 12. g4 Ne5 13. Bh6 Qb6 14. b3
Qb4 15. Nb1 Qxd2+ 16. Bxd2 Nfd7 17. Bc3 Nxf3 18. Nxf3 Bxc3 19. h4 Bg7 20. h5
Nf6 21. h6 Bh8 22. Ng5 Nxg4 23. Rde1 Rc5 24. Nf3 Rfc8 25. Nd4 Bxd4 26. Na3 Nf2
0-1

[Event "Open Ouest 2013/2014"]
[Site "Vitrolles"]
[Date "2013.10.05"]
[Round "1"]
[White "Chabaud, Philippe"]
[Black "Bertrand, Nicolas"]
[Result "1/2-1/2"]
[WhiteElo "1499"]
[BlackElo "1469"]
[PlyCount "98"]

1. d4 d5 2. c4 c6 3. Nc3 Nf6 4. Nf3 Bf5 5. e3 e6 6. a3 a5 7. Be2 b6 8. O-O Bd6
9. Bd2 O-O 10. Nh4 Bg6 11. Nxg6 fxg6 12. Rc1 Nbd7 13. Na4 Qc7 14. g3 Ne4 15.
cxd5 exd5 16. Nc3 Nxc3 17. Rxc3 Qb7 18. Qc2 Rac8 19. Rc1 Nb8 20. Bg4 Rc7 21. f4
c5 22. Be6+ Kh8 23. f5 gxf5 24. Bxf5 h6 25. e4 dxe4 26. Bxe4 Qc8 27. Kg2 Rcf7
28. Bf3 Qf5 29. Qxf5 Rxf5 30. dxc5 Rxc5 31. Be3 Rxc3 32. Rxc3 b5 33. Rd3 Bc7
34. Bc5 Rd8 35. Rxd8+ Bxd8 36. b4 Na6 37. Bc6 Nxc5 38. bxc5 b4 39. axb4 axb4
40. Bd5 g5 41. Kf3 Kg7 42. Kg4 Kg6 43. Be4+ Kf6 44. Bb1 Ke5 45. Kh5 Kd5 46.
Kxh6 Kxc5 47. Kg6 Kd4 48. Kf5 Ke3 49. Kg4 Kf2 1/2-1/2

[Event "Open Ouest 2013/2014"]
[Site "Vitrolles"]
[Date "2013.10.05"]
[Round "1"]
[White "Bouriel, Michel"]
[Black "Person, Claude"]
[Result "1-0"]
[WhiteElo "1562"]
[BlackElo "1329"]
[PlyCount "95"]

1. c4 Nf6 2. Nc3 e6 3. g3 c6 4. Bg2 Na6 5. d3 h6 6. Nf3 Nc7 7. O-O d5 8. cxd5
cxd5 9. a3 Bd6 10. b4 Bd7 11. Bb2 O-O 12. e4 Be7 13. e5 Nh7 14. Rc1 a6 15. Qc2
Rc8 16. Qe2 Ng5 17. Nxg5 Bxg5 18. f4 Be7 19. Rc2 Nb5 20. Rfc1 Qb6+ 21. Kh1 Nd4
22. Qe3 Bd8 23. Nxd5 exd5 24. Bxd4 Qe6 25. Bc5 Re8 26. Rf1 Bc6 27. Bd6 f5 28.
Bf3 d4 29. Qe2 Bxf3+ 30. Rxf3 Rxc2 31. Qxc2 Qd5 32. Kg2 h5 33. Qc4 Qxc4 34.
dxc4 Be7 35. c5 Kf7 36. Rd3 Ke6 37. Rxd4 Rd8 38. Kf3 Rd7 39. Ke3 g5 40. Bxe7
Rxd4 41. Kxd4 Kxe7 42. fxg5 Kf7 43. Kd5 h4 44. e6+ Ke7 45. Ke5 hxg3 46. hxg3
Kf8 47. Kxf5 Kg7 48. g6 1-0

[Event "Open Ouest 2013/2014"]
[Site "Vitrolles"]
[Date "2013.10.05"]
[Round "1"]
[White "Estevez, Ange"]
[Black "Porte, Jacques"]
[Result "1-0"]
[WhiteElo "1595"]
[BlackElo "1491"]
[PlyCount "111"]

1. e4 c5 2. d4 cxd4 3. c3 Nf6 4. Bd3 Nc6 5. Nf3 Qb6 6. O-O e5 7. a4 a5 8. Nbd2
d5 9. exd5 Nxd5 10. Nc4 Qc7 11. cxd4 exd4 12. Re1+ Be7 13. Nce5 Bg4 14. Nxg4
O-O 15. Qc2 g6 16. Bh6 Rfe8 17. Bb5 Rec8 18. Rac1 f6 19. Bc4 Qd6 20. Qb3 Ncb4
21. Nxd4 Kh8 22. Nb5 Qc5 23. h3 Qc6 24. Bxd5 Qxd5 25. Qxd5 Nxd5 26. Rcd1 Rc5
27. Rxd5 Rxd5 28. Nc7 Bb4 29. Nxd5 Bxe1 30. Ndxf6 Rd8 31. Be3 Kg7 32. Ne4 Bb4
33. g3 h5 34. Nh2 Kf7 35. Nf3 Rd7 36. Ne5+ Ke6 37. Nxd7 Kxd7 38. b3 Kc6 39. g4
Kd5 40. f3 hxg4 41. hxg4 Be7 42. Kg2 Ke5 43. Nc5 b6 44. Nd7+ Kd5 45. Nxb6+ Kc6
46. Nc4 Bd8 47. Ne5+ Kd5 48. Nxg6 Ke6 49. f4 Kd5 50. Kf3 Bf6 51. g5 Bd8 52. f5
Kd6 53. Ke4 Kc6 54. f6 Kd7 55. f7 Be7 56. Kf5 1-0

[Event "Open Ouest 2013/2014"]
[Site "Vitrolles"]
[Date "2013.11.09"]
[Round "2"]
[White "Estevez, Ange"]
[Black "Bouriel, Michel"]
[Result "1-0"]
[WhiteElo "1595"]
[BlackElo "1562"]
[PlyCount "72"]

1. e4 c5 2. Nf3 d6 3. d4 cxd4 4. Nxd4 g6 5. Nc3 Bg7 6. Be3 Nf6 7. Be2 O-O 8.
O-O a6 9. f4 e5 10. fxe5 dxe5 11. Nb3 Qxd1 12. Raxd1 Nc6 13. Rd2 b5 14. a3 Bb7
15. Bf3 Rad8 16. Rfd1 Rxd2 17. Rxd2 Rd8 18. Rxd8+ Nxd8 19. Nc5 Bc8 20. b4 Nd7
21. Bg4 Nb6 22. Bxc8 Nxc8 23. Nxa6 Nd6 24. Nc7 Nc4 25. Bc1 Ne6 26. N7xb5 f5 27.
exf5 gxf5 28. Nd5 e4 29. Ne7+ Kf7 30. Nxf5 Bf6 31. Nfd6+ Nxd6 32. Nxd6+ Ke7 33.
Nxe4 Nd4 34. Nxf6 Kxf6 35. Bb2 Ke5 36. Bxd4+ Kxd4 1-0

[Event "Open Ouest 2013/2014"]
[Site "Vitrolles"]
[Date "2013.10.29"]
[Round "2"]
[White "Misene, Milan"]
[Black "Mars, Fiona"]
[Result "1-0"]
[WhiteElo "1400"]
[BlackElo "1482"]
[PlyCount "103"]

1. e4 e5 2. Nf3 Nc6 3. Bb5 a6 4. Ba4 Nf6 5. O-O b5 6. Bb3 Bb7 7. c3 d6 8. Re1
Be7 9. d4 O-O 10. d5 Nb8 11. Nbd2 Nbd7 12. Bc2 c6 13. dxc6 Bxc6 14. Nf1 d5 15.
exd5 Bxd5 16. Nxe5 Re8 17. Ng4 Be6 18. Nxf6+ Bxf6 19. Ng3 g6 20. Bh6 Be5 21.
Re4 f5 22. Rb4 f4 23. Bxf4 Bxf4 24. Rxf4 Qg5 25. Qd4 Rad8 26. Qe3 Qe7 27. Re1
Nf8 28. Bb3 Rd6 29. h4 Qd8 30. Re4 Qd7 31. h5 a5 32. hxg6 hxg6 33. Qg5 Qe7 34.
Qxe7 Rxe7 35. c4 a4 36. Bc2 bxc4 37. Rxc4 Bxc4 38. Rxe7 Rd2 39. Bxa4 Rxb2 40.
a3 Ne6 41. Re8+ Kg7 42. Bd7 Nc5 43. Bc6 Nd3 44. Ne4 Nf4 45. Re7+ Kf8 46. Rb7
Ra2 47. a4 Ne2+ 48. Kh2 Nd4 49. Bb5 Bd5 50. Rb8+ Ke7 51. Nc3 Nf3+ 52. Kg3 1-0

[Event "Open Ouest 2013/2014"]
[Site "Vitrolles"]
[Date "2013.11.09"]
[Round "2"]
[White "Porte, Jacques"]
[Black "Mars, Theo"]
[Result "0-1"]
[WhiteElo "1491"]
[BlackElo "1120"]
[PlyCount "150"]

1. d4 d5 2. Nf3 Nc6 3. Nc3 Bg4 4. Bf4 Nf6 5. e3 e6 6. Be2 Bd6 7. Bg3 Bxg3 8.
hxg3 a6 9. Qd2 O-O 10. O-O-O b5 11. Ne5 Nxe5 12. dxe5 Bxe2 13. Qxe2 Nd7 14. Qh5
h6 15. f4 f6 16. Qg6 Qe8 17. Rxh6 Qxg6 18. Rxg6 Kf7 19. Rg4 fxe5 20. fxe5 Nxe5
21. Rf1+ Kg8 22. Rgf4 Ng4 23. Kd2 Nh2 24. Rh1 Rxf4 25. gxf4 Ng4 26. Ne2 c5 27.
c3 Kf7 28. Rh4 Nf2 29. Ng3 Ne4+ 30. Nxe4 dxe4 31. Rh5 Rd8+ 32. Ke2 Rd5 33. Rh8
c4 34. Ra8 Rd6 35. g4 g6 36. Ra7+ Kf6 37. g5+ Kf5 38. Rf7+ Kg4 39. Rf6 Kh5 40.
Rf7 Kg4 41. Rf6 Kh5 42. a3 a5 43. Rf7 Kg4 44. Rb7 Rd5 45. Rh7 Kf5 46. Rh1 a4
47. Rg1 Rd3 48. Rh1 Rd6 49. Rh7 Kg4 50. Rb7 Rd5 51. Rb6 Kf5 52. Rc6 Rd3 53. Rb6
Rd5 54. Rb7 Kg4 55. Rf7 Rf5 56. Re7 e5 57. Kf2 exf4 58. Rxe4 Kxg5 59. Rd4 fxe3+
60. Kxe3 Re5+ 61. Kf3 Rf5+ 62. Kg3 Kf6 63. Rd6+ Kg5 64. Rd4 Kh5 65. Rh4+ Kg5
66. Rg4+ Kf6 67. Rd4 Ke5 68. Rd2 Rf4 69. Re2+ Kf5 70. Rd2 g5 71. Rd5+ Ke4 72.
Rxg5 Rf5 73. Rg4+ Kd3 74. Kh2 Rf2+ 75. Kh3 Rxb2 0-1

[Event "Open Ouest 2013/2014"]
[Site "Vitrolles"]
[Date "2013.11.09"]
[Round "2"]
[White "Bertrand, Nicolas"]
[Black "Mars, Florence"]
[Result "1-0"]
[WhiteElo "1469"]
[BlackElo "1190"]
[PlyCount "71"]

1. e4 c5 2. Nf3 d6 3. d4 cxd4 4. Nxd4 Nf6 5. Nc3 g6 6. Be3 Bg7 7. Be2 O-O 8.
O-O Nc6 9. Nb3 Bd7 10. Qd2 Ng4 11. Bxg4 Bxg4 12. Bh6 a6 13. Bxg7 Kxg7 14. Nd5
Be6 15. Nd4 Bxd5 16. exd5 Nxd4 17. Qxd4+ f6 18. Rfe1 Qc7 19. Rac1 Rae8 20. c4
b6 21. b4 a5 22. a3 a4 23. c5 b5 24. c6 h5 25. h3 Kh6 26. g4 g5 27. Qd1 hxg4
28. hxg4 Qb6 29. Kg2 f5 30. Re6+ Rf6 31. Qe2 fxg4 32. Rxf6+ exf6 33. Qxe8 Qd4
34. Rh1+ Kg7 35. Qh8+ Kg6 36. Qh7# 1-0

[Event "Open Ouest 2013/2014"]
[Site "Vitrolles"]
[Date "2013.11.09"]
[Round "2"]
[White "Person, Claude"]
[Black "Chabaud, Philippe"]
[Result "0-1"]
[WhiteElo "1320"]
[BlackElo "1499"]
[PlyCount "112"]

1. e4 e6 2. Nf3 Nc6 3. c3 Bd6 4. d4 b6 5. e5 Be7 6. Be3 Bb7 7. Be2 d6 8. exd6
Bxd6 9. Nbd2 Nf6 10. h3 Qd7 11. O-O O-O-O 12. Bb5 h6 13. Nc4 Qe7 14. Nxd6+ Qxd6
15. Qc1 g5 16. Rd1 Nd5 17. Bxc6 Bxc6 18. Ne5 Rdf8 19. Nc4 Qe7 20. Ne5 Bb7 21.
Re1 Rhg8 22. Ng4 h5 23. Nh2 f5 24. f3 f4 25. Bf2 Rg6 26. Re5 Rfg8 27. Kh1 Nf6
28. Qe1 Bd5 29. Qe2 g4 30. Rg1 g3 31. c4 gxf2 32. Qxf2 Bxc4 33. b3 Bd5 34. Qh4
Qg7 35. Re2 Rg3 36. Rf2 Bxf3 37. Nxf3 Ne4 38. Rff1 Rxg2 39. Qg5 Nxg5 40. Rxg2
Qf6 41. Ne5 Qf5 42. Rf3 Qe4 43. Rff2 Nxh3 44. Re2 Qb1+ 45. Kh2 Ng5 46. Rg1 Qf5
47. Kh1 f3 48. Rf2 Qh3+ 49. Rh2 Qf5 50. Rf1 Ne4 51. Rxf3 Ng3+ 52. Kg2 Ne4+ 53.
Kf1 Qg5 54. Rfh3 Qc1+ 55. Ke2 Qd2+ 56. Kf1 Qd1# 0-1

[Event "Open Ouest 2013/2014"]
[Site "Vitrolles"]
[Date "2013.11.30"]
[Round "3"]
[White "Bouriel, Michel"]
[Black "Porte, Jacques"]
[Result "0-1"]
[WhiteElo "1562"]
[BlackElo "1491"]
[PlyCount "106"]

1. c4 c5 2. Nc3 Nc6 3. d3 e6 4. Nf3 Nf6 5. Bg5 Be7 6. g3 d6 7. Bg2 Bd7 8. O-O
Rb8 9. Bf4 O-O 10. Nb5 e5 11. Bg5 Bg4 12. Nd2 a6 13. Nc3 Nd4 14. f3 Bd7 15.
Bxf6 Bxf6 16. Nde4 Bc6 17. Nxf6+ Qxf6 18. e3 Nf5 19. b3 Nxe3 20. Qe2 Nxf1 21.
Rxf1 Rfe8 22. Ne4 Qe7 23. f4 f5 24. Nc3 exf4 25. Qxe7 Rxe7 26. Nd5 Bxd5 27.
Bxd5+ Kf8 28. Rxf4 g6 29. g4 Kg7 30. gxf5 Rf8 31. Be4 gxf5 32. Bxf5 Kh8 33. Re4
Rg7+ 34. Bg4 h5 35. h3 hxg4 36. hxg4 Rfg8 37. Kf1 Rxg4 38. Re3 Rg1+ 39. Kf2
R8g2+ 40. Kf3 Rg3+ 41. Kf4 Rxe3 42. Kxe3 Re1+ 43. Kd2 Re5 44. Kc3 Kg7 45. b4 b6
46. d4 cxd4+ 47. Kxd4 Kf6 48. a4 Ke6 49. b5 axb5 50. cxb5 Rc5 51. Kd3 d5 52. a5
Rxb5 53. axb6 Rxb6 0-1

[Event "Open Ouest 2013/2014"]
[Site "Vitrolles"]
[Date "2013.11.30"]
[Round "3"]
[White "Chabaud, Philippe"]
[Black "Estevez, Ange"]
[Result "1-0"]
[WhiteElo "1499"]
[BlackElo "1595"]
[PlyCount "63"]

1. d4 e5 2. dxe5 Nc6 3. Nf3 d6 4. Bf4 Bg4 5. Nbd2 f6 6. exd6 Bxd6 7. Bxd6 Qxd6
8. e3 O-O-O 9. Be2 Nge7 10. O-O h5 11. Nb3 Qb4 12. Nfd4 Ne5 13. Bxg4+ hxg4 14.
c3 Qb6 15. Qe2 f5 16. c4 Qh6 17. f4 Qxh2+ 18. Kf2 Qxg2+ 19. Kxg2 N7g6 20. Rh1
Nh4+ 21. Kg3 Neg6 22. Rh2 Rde8 23. Rah1 Re4 24. Rxh4 Nxh4 25. Rxh4 Rhe8 26. Nc2
g5 27. fxg5 f4+ 28. Kf2 f3 29. Qd3 g3+ 30. Kxg3 Rxh4 31. Kxh4 f2 32. Qf5+ 1-0

[Event "Open Ouest 2013/2014"]
[Site "Vitrolles"]
[Date "2013.11.30"]
[Round "3"]
[White "Mars, Florence"]
[Black "Person, Claude"]
[Result "0-1"]
[WhiteElo "1190"]
[BlackElo "1329"]
[PlyCount "91"]

1. e4 c6 2. d4 d5 3. exd5 Qxd5 4. Nc3 Qe6+ 5. Be3 Nf6 6. h3 g6 7. Nf3 Bh6 8.
Qd3 Bxe3 9. Qxe3 Qxe3+ 10. fxe3 O-O 11. O-O-O Nbd7 12. e4 Nb6 13. e5 Nfd5 14.
Nxd5 Nxd5 15. Rd2 e6 16. g4 f5 17. g5 f4 18. h4 Rf7 19. h5 Ne3 20. hxg6 hxg6
21. Bd3 Nf5 22. Rdh2 Rg7 23. Rh8+ Kf7 24. Bxf5 exf5 25. e6+ Kxe6 26. Re1+ Kd7
27. Kd2 b5 28. Ne5+ Kc7 29. Rf1 Bb7 30. Rxa8 Bxa8 31. Rxf4 Kd6 32. c3 c5 33.
Ke3 a5 34. dxc5+ Kxe5 35. Rd4 Bd5 36. a3 Rc7 37. b4 a4 38. Rf4 Be4 39. Rh4 Rd7
40. c6 Bxc6 41. Rh6 Rg7 42. Rh4 Rd7 43. Rd4 Re7 44. Rh4 Be4 45. Rh6 f4+ 46. Kf2
0-1

[Event "Open Ouest 2013/2014"]
[Site "Vitrolles"]
[Date "2013.11.30"]
[Round "3"]
[White "Mars, Fiona"]
[Black "Bertrand, Nicolas"]
[Result "1-0"]
[WhiteElo "1482"]
[BlackElo "1462"]
[PlyCount "99"]

1. e4 e5 2. Nf3 Nc6 3. d4 exd4 4. Nxd4 Nf6 5. Nc3 Bb4 6. Nf5 Bxc3+ 7. bxc3 O-O
8. Bd3 d6 9. O-O Bxf5 10. exf5 h6 11. Bb2 Nh7 12. c4 Ne5 13. f4 Nd7 14. Qf3 Nc5
15. Be2 c6 16. Qg3 Nf6 17. Bf3 Qb6 18. Bd4 Nce4 19. Bxb6 Nxg3 20. hxg3 axb6 21.
Rfe1 Rfe8 22. Red1 Red8 23. Re1 Re8 24. Red1 Red8 25. Re1 Kf8 26. g4 Ra4 27. g5
hxg5 28. fxg5 Nd7 29. Re4 Ne5 30. Be2 Rda8 31. Rd1 Ke7 32. f6+ gxf6 33. gxf6+
Kxf6 34. Rxd6+ Kf5 35. Bd3 Nxd3 36. cxd3 Rxa2 37. Rd7 Ra1+ 38. Kf2 Rf8 39. Rxb7
Rb1 40. c5 f6 41. Rxb6 Rxb6 42. cxb6 Rb8 43. Rb4 Rb7 44. Ke3 c5 45. Rb5 Kg4 46.
Ke4 f5+ 47. Kd5 Kg3 48. Rb2 c4 49. dxc4 f4 50. Kc6 1-0

[Event "Open Ouest 2013/2014"]
[Site "Vitrolles"]
[Date "2013.11.30"]
[Round "3"]
[White "Mars, Theo"]
[Black "Misene, Milan"]
[Result "1/2-1/2"]
[WhiteElo "1120"]
[BlackElo "1400"]
[PlyCount "84"]

1. c4 e6 2. Nc3 Nf6 3. g3 c5 4. Bg2 Nc6 5. Nf3 Be7 6. O-O d5 7. cxd5 Nxd5 8. d3
Nxc3 9. bxc3 O-O 10. c4 Bf6 11. Rb1 b6 12. Qa4 Bd7 13. Qc2 Rb8 14. Bf4 e5 15.
Bc1 Nd4 16. Nxd4 exd4 17. h3 Qc7 18. Re1 Bc6 19. Bf4 Qb7 20. Bxc6 Qxc6 21. Bxb8
Rxb8 22. e3 Qf3 23. Qe2 Qf5 24. exd4 g6 25. dxc5 Qxc5 26. Qg4 Bd4 27. Re2 Rd8
28. Rb5 Qc7 29. Rd5 Bf6 30. Rxd8+ Qxd8 31. Qe4 Kg7 32. Rd2 Qd7 33. Kg2 Qa4 34.
c5 Qa5 35. Rc2 bxc5 36. Qc6 Bd4 37. Qd5 Qa3 38. Qb3 Qa6 39. Rc4 Qc6+ 40. Kg1
Qf3 41. Rxd4 cxd4 42. Qc4 Qd1+ 1/2-1/2

[Event "Open Ouest 2013/2014"]
[Site "Vitrolles"]
[Date "2013.11.30"]
[Round "4"]
[White "Porte, Jacques"]
[Black "Misene, Milan"]
[Result "1-0"]
[WhiteElo "1491"]
[BlackElo "1400"]
[PlyCount "49"]
[EventDate "2013.??.??"]

1. d4 Nf6 2. Nf3 g6 3. Nc3 Bg7 4. Bf4 d6 5. e3 O-O 6. Be2 Nbd7 7. Qd2 Re8 8. h4
e5 9. dxe5 Nxe5 10. O-O-O Nfg4 11. Bg3 h5 12. Nxe5 Nxe5 13. f4 Ng4 14. e4 Qf6
15. e5 dxe5 16. fxe5 Rxe5 17. Qd8+ Qxd8 18. Rxd8+ Kh7 19. Bxe5 Bxe5 20. Bxg4
hxg4 21. Re1 Bf6 22. Rde8 a5 23. Nd5 Bxh4 24. Rh1 g5 25. g3 1-0

[Event "Open Ouest 2013/2014"]
[Site "Vitrolles"]
[Date "2013.11.21"]
[Round "4"]
[White "Bertrand, Nicolas"]
[Black "Mars, Theo"]
[Result "1-0"]
[WhiteElo "1462"]
[BlackElo "1120"]
[PlyCount "57"]

1. e4 c6 2. d4 d5 3. exd5 cxd5 4. c4 Nf6 5. Nc3 e6 6. Nf3 b6 7. cxd5 Nxd5 8.
Bb5+ Bd7 9. Bxd7+ Qxd7 10. Nxd5 Qxd5 11. O-O Be7 12. Be3 O-O 13. a3 a5 14. Rc1
Nc6 15. Qc2 Na7 16. Qc4 Qxc4 17. Rxc4 Rac8 18. Rfc1 Rxc4 19. Rxc4 Rc8 20. Rxc8+
Nxc8 21. Kf1 Nd6 22. Ne5 Nb5 23. Ke2 f5 24. Kd3 Kf8 25. a4 Nd6 26. d5 Nc8 27.
dxe6 Bc5 28. Bxc5+ bxc5 29. Kc4 1-0

[Event "Open Ouest 2013/2014"]
[Site "Vitrolles"]
[Date "2013.11.21"]
[Round "4"]
[White "Person, Claude"]
[Black "Mars, Fiona"]
[Result "0-1"]
[WhiteElo "1328"]
[BlackElo "1482"]
[PlyCount "84"]

1. e4 e5 2. Nf3 Nc6 3. d4 exd4 4. Nxd4 Bc5 5. Nxc6 bxc6 6. Bc4 Nf6 7. Bg5 Bxf2+
8. Ke2 d5 9. h3 Qd6 10. Bxf6 Qxf6 11. exd5 O-O 12. Qd3 Re8+ 13. Kd1 Bf5 14. Qc3
Bd4 15. Qf3 Bxb2 16. Bd3 Re5 17. g4 Bxd3 18. Qxf6 gxf6 19. cxd3 Rxd5 20. Kd2
Bxa1 21. Na3 Rad8 22. Rxa1 Rxd3+ 23. Kc2 Rxa3 24. h4 Ra4 25. Rg1 Rxa2+ 26. Kb3
Re2 27. Kc3 Re3+ 28. Kc2 Re5 29. Kc3 Rc5+ 30. Kb4 Rb5+ 31. Kc4 a5 32. g5 Rb4+
33. Kc3 f5 34. h5 Re8 35. Rg3 f4 36. Rg2 Re3+ 37. Kc2 Rg3 38. Re2 Rxg5 39. h6
Kf8 40. Rd2 Rc5+ 41. Kd1 Rd5 42. Rxd5 cxd5 0-1

[Event "Open Ouest 2013/2014"]
[Site "Vitrolles"]
[Date "2013.11.21"]
[Round "4"]
[White "Estevez, Ange"]
[Black "Mars, Florence"]
[Result "1/2-1/2"]
[WhiteElo "1595"]
[BlackElo "1190"]
[PlyCount "60"]

1. e4 c5 2. Nf3 d6 3. d4 cxd4 4. Nxd4 Nf6 5. Nc3 g6 6. Be2 Bg7 7. Be3 O-O 8.
O-O Nc6 9. f4 Bd7 10. Bf3 Rc8 11. g4 e5 12. Nxc6 Bxc6 13. fxe5 dxe5 14. Qxd8
Rfxd8 15. Rad1 a6 16. Bb6 Rxd1 17. Rxd1 h5 18. h3 hxg4 19. hxg4 Bf8 20. a3 Kg7
21. Kg2 Nd7 22. Be3 b5 23. Ne2 Nc5 24. Bxc5 Bxc5 25. c3 Be3 26. Ng1 f5 27. gxf5
gxf5 28. exf5 Bxf3+ 29. Nxf3 Kf6 30. Rd6+ Kxf5 1/2-1/2

[Event "Open Ouest 2013/2014"]
[Site "Vitrolles"]
[Date "2013.11.21"]
[Round "4"]
[White "Bouriel, Michel"]
[Black "Chabaud, Philippe"]
[Result "1/2-1/2"]
[WhiteElo "1562"]
[BlackElo "1499"]
[PlyCount "124"]

1. c4 e5 2. Nc3 Nf6 3. g3 Bb4 4. Bg2 O-O 5. d3 Bxc3+ 6. bxc3 c6 7. Bg5 d6 8.
Nf3 Be6 9. O-O Nbd7 10. Nd2 Qc7 11. Rb1 d5 12. cxd5 Bxd5 13. c4 Bxg2 14. Kxg2
Rfe8 15. Nf3 e4 16. Nh4 Rad8 17. d4 b6 18. Bf4 Qb7 19. Nf5 Re6 20. Qd2 Nh5 21.
Nd6 Qa8 22. d5 Nxf4+ 23. Qxf4 Rf6 24. Nf5 cxd5 25. Qg5 g6 26. Ne7+ Kg7 27. Nxd5
Rf5 28. Qe3 Nf6 29. Nxf6 Rxf6 30. Rbd1 Rfd6 31. Rxd6 Rxd6 32. Qc3+ Kg8 33. e3
Rd3 34. Qc2 Qc6 35. Rc1 Qf6 36. Qe2 Qd6 37. Qc2 f5 38. Qa4 Ra3 39. c5 Rxa4 40.
cxd6 Kf7 41. Rc7+ Ke8 42. Rxh7 Rxa2 43. Rg7 a5 44. Rxg6 a4 45. h4 a3 46. h5 Rd2
47. d7+ Rxd7 48. Rxb6 Ra7 49. Rb1 Kf7 50. f3 Kg7 51. fxe4 Kh6 52. exf5 Kxh5 53.
Kf3 Kg5 54. g4 Ra4 55. Ra1 a2 56. Kg3 Rxg4+ 57. Kf3 Ra4 58. f6 Kxf6 59. Ke2 Ke5
60. Kd2 Ke4 61. Kc2 Kxe3 62. Kb2 Kd2 1/2-1/2

[Event "Open Ouest 2013/2014"]
[Site "Vitrolles"]
[Date "2014.01.18"]
[Round "5"]
[White "Chabaud, Philippe"]
[Black "Porte, Jacques"]
[Result "0-1"]
[WhiteElo "1499"]
[BlackElo "1499"]
[PlyCount "60"]

1. d4 Nf6 2. c4 c5 3. Nc3 cxd4 4. Qxd4 Nc6 5. Qd1 e6 6. Bd2 Be7 7. Nf3 O-O 8.
e3 a6 9. Be2 d5 10. O-O dxc4 11. Bxc4 b5 12. Bb3 Bb7 13. a3 Qc7 14. Qc2 Rad8
15. Ne2 Qb8 16. Rac1 Rc8 17. Qb1 Rfd8 18. Rc2 Rd7 19. Rfc1 Rcd8 20. Ned4 Nxd4
21. Nxd4 Kh8 22. Ba5 Re8 23. Nc6 Qa8 24. Nxe7 Rdxe7 25. Rc7 Rxc7 26. Rxc7 Bxg2
27. Qc2 Bh3 28. Qc6 Qd8 29. Bc2 Nd5 30. Rxf7 Qg5+ 0-1

[Event "Open Ouest 2013/2014"]
[Site "Vitrolles"]
[Date "2014.01.18"]
[Round "5"]
[White "Mars, Florence"]
[Black "Bouriel, Michel"]
[Result "0-1"]
[WhiteElo "1190"]
[BlackElo "1562"]
[PlyCount "64"]

1. e4 c5 2. Nf3 d6 3. d4 cxd4 4. Nxd4 g6 5. Nc3 Bg7 6. Be3 Nf6 7. Be2 Nbd7 8.
Qd2 Nc5 9. f3 O-O 10. O-O-O a6 11. Kb1 b5 12. Bh6 e6 13. Bxg7 Kxg7 14. g4 b4
15. g5 Nfd7 16. h4 bxc3 17. Qxc3 e5 18. Nc6 Qc7 19. Ne7 Nb6 20. Nd5 Nxd5 21.
exd5 Qb6 22. b3 Bf5 23. h5 Rac8 24. Qe3 Na4 25. Qxb6 Nxb6 26. Ka1 Bxc2 27. Rd2
a5 28. Kb2 Bf5 29. a4 Rc5 30. h6+ Kg8 31. Rhd1 Rfc8 32. Ka3 Rc2 0-1

[Event "Open Ouest 2013/2014"]
[Site "Vitrolles"]
[Date "2014.01.18"]
[Round "5"]
[White "Mars, Fiona"]
[Black "Estevez, Ange"]
[Result "1-0"]
[WhiteElo "1460"]
[BlackElo "1595"]
[PlyCount "43"]

1. e4 e5 2. Nf3 Nc6 3. Bc4 Nf6 4. d3 Bc5 5. Nc3 O-O 6. O-O d6 7. Be3 Nd4 8. Na4
Nxf3+ 9. Qxf3 Bxe3 10. fxe3 c6 11. Nc3 b5 12. Bb3 Be6 13. d4 Bxb3 14. axb3 b4
15. Ne2 a5 16. Rad1 Qb6 17. Ng3 Rad8 18. Nf5 Ne8 19. Qg3 Qc7 20. dxe5 dxe5 21.
Rxd8 Qxd8 22. Nh6+ 1-0

[Event "Open Ouest 2013/2014"]
[Site "Vitrolles"]
[Date "2014.01.18"]
[Round "5"]
[White "Mars, Theo"]
[Black "Person, Claude"]
[Result "1-0"]
[WhiteElo "1120"]
[BlackElo "1323"]
[PlyCount "191"]

1. c4 c6 2. Nc3 Nf6 3. Nf3 e6 4. g3 Na6 5. Bg2 Nc7 6. O-O h6 7. e4 Be7 8. d3
O-O 9. Rb1 d5 10. cxd5 exd5 11. e5 Nh7 12. d4 Bg4 13. h3 Bf5 14. Ra1 Re8 15.
Kh2 Kh8 16. Re1 Be6 17. a3 Rg8 18. b4 a6 19. Rb1 Bf5 20. Rb2 b5 21. a4 Be6 22.
axb5 axb5 23. Qb3 Nf8 24. Ra2 Nd7 25. Rxa8 Qxa8 26. Bb2 Nf8 27. Ra1 Qb7 28. Qa3
Nh7 29. Qa7 Rb8 30. Qxb7 Rxb7 31. Ba3 Nf8 32. Nb1 Nd7 33. Nbd2 Ra7 34. Nb3 Na6
35. Nc5 Ndxc5 36. bxc5 Rb7 37. Bf1 Nc7 38. Bb4 Kh7 39. Bd3+ g6 40. Ne1 Kg7 41.
h4 h5 42. f4 Bg4 43. Kg2 f5 44. Nc2 Kf7 45. Ne3 Ke6 46. Nxg4 hxg4 47. Kf2 Bd8
48. Bf1 Kd7 49. Ke3 Ne6 50. Kd3 Bc7 51. Ke3 Ng7 52. Kf2 Nh5 53. Kg2 Bb8 54. Kf2
Ra7 55. Rxa7+ Bxa7 56. Kg2 Ke6 57. Kf2 Ng7 58. Ke3 Ne8 59. Kd3 Bb8 60. Ke3 Nc7
61. Kd3 Na6 62. Kc3 Bc7 63. Kb3 Nb8 64. Kc3 Nd7 65. Kd3 Nb8 66. Kc3 Kf7 67. Kd3
Kg7 68. Kc3 Nd7 69. Kd3 Kh6 70. Ke3 Nf8 71. Kf2 Ne6 72. Ke3 Ng7 73. Kf2 Kh5 74.
Ke3 Bd8 75. Be1 Ne6 76. Kd3 Be7 77. Kc3 Bf8 78. Bf2 Bh6 79. Be3 Nc7 80. Kb4 Ne6
81. Ka5 Nd8 82. Kb6 b4 83. Bd3 Bf8 84. Kc7 Be7 85. Kd7 Bxh4 86. gxh4 Nb7 87. e6
Kxh4 88. e7 Kg3 89. e8=Q Kf3 90. Kxc6 Na5+ 91. Kxd5 g3 92. Bg1 Kxf4 93. Qxg6
Kf3 94. Qxf5+ Kg2 95. Qf1+ Kh1 96. Be4+ 1-0

[Event "Open Ouest 2013/2014"]
[Site "Vitrolles"]
[Date "2014.01.18"]
[Round "5"]
[White "Misene, Milan"]
[Black "Bertrand, Nicolas"]
[Result "1/2-1/2"]
[WhiteElo "1400"]
[BlackElo "1462"]
[PlyCount "84"]

1. e4 e5 2. Nf3 Nc6 3. Bb5 a6 4. Ba4 Nf6 5. O-O b5 6. Bb3 Be7 7. Re1 O-O 8. c3
d6 9. h3 Na5 10. Bc2 c5 11. d4 Nc6 12. d5 Na5 13. Nbd2 Nb7 14. Nf1 h6 15. N3h2
Nh7 16. f4 exf4 17. Bxf4 Bg5 18. Bxg5 Qxg5 19. Re3 Bd7 20. Qd3 f5 21. e5 dxe5
22. Rxe5 Rae8 23. Nf3 Qf6 24. Rae1 Rxe5 25. Rxe5 Ng5 26. Re3 Nxf3+ 27. Rxf3 c4
28. Qd2 Nd6 29. Ng3 Kh7 30. Qf2 g6 31. Qa7 Rf7 32. Qxa6 Bc8 33. Qb6 Rb7 34. Qf2
Nf7 35. Nxf5 gxf5 36. Bxf5+ Bxf5 37. Rxf5 Qg6 38. Rf6 Qg7 39. Qf5+ Kh8 40. Qc8+
Kh7 41. Qf5+ Kh8 42. Qc8+ Kh7 1/2-1/2

[Event "Open Ouest 2013/2014"]
[Site "Vitrolles"]
[Date "2014.02.15"]
[Round "6"]
[White "Chabaud, Philippe"]
[Black "Mars, Florence"]
[Result "1-0"]
[WhiteElo "1499"]
[BlackElo "1190"]
[PlyCount "81"]

1. d4 Nf6 2. c4 e5 3. dxe5 Ng4 4. Nf3 Bc5 5. e3 Nc6 6. Bd2 Ngxe5 7. Be2 d6 8.
O-O O-O 9. Nc3 Be6 10. b3 d5 11. cxd5 Bxd5 12. e4 Be6 13. Bf4 Bd6 14. Be3 Nxf3+
15. Bxf3 Qh4 16. g3 Qf6 17. Nd5 Bxd5 18. exd5 Ne5 19. Bg2 a5 20. Bd4 Qd8 21. f4
Nd7 22. Qg4 f6 23. Rfe1 Bc5 24. Bxc5 Nxc5 25. Rad1 a4 26. b4 Qd7 27. Qxd7 Nxd7
28. Re7 Rf7 29. Rde1 Ra6 30. Bf1 Rd6 31. Bb5 a3 32. Re8+ Nf8 33. R1e7 Rxe7 34.
Rxe7 Rxd5 35. Bc4 c6 36. Bxd5+ cxd5 37. Rxb7 d4 38. Kf2 Ne6 39. b5 Nc5 40. Rc7
Nd3+ 41. Ke2 1-0